| 000 | 00756nam a2200241Ia 4500 | ||
|---|---|---|---|
| 005 | 20250307135700.0 | ||
| 008 | 210716s2008 xx 000 0 und d | ||
| 020 | _a9789332518896 | ||
| 040 | _cAIMIT LIBRARY | ||
| 041 | _aeng | ||
| 082 |
_a006.671 _29 _bHORC |
||
| 100 |
_aHorstmann, Cay S. _9204802 |
||
| 245 |
_aCore java : _badvanced features / _cBy Cay S Horstmann and Gary Cornell. |
||
| 250 | _a9th ed. | ||
| 260 |
_aNew Delhi : _bPearson , _c2008. |
||
| 300 |
_a1068p. ; _bPB _c23.5 cm |
||
| 500 | _aVolume 1- Fundamentals / Volume 2- Advanced features | ||
| 650 |
_aNetworking _9204803 |
||
| 650 |
_aDatabase programming _9204804 |
||
| 650 |
_aSecurity _9204805 |
||
| 700 |
_aCornell, Gary. _9204806 |
||
| 942 |
_2ddc _cBK _e9th _k006.671 HORC |
||
| 999 |
_c194571 _d194571 |
||